00353nam a2200109Ia 450000500170000000800410001710000230005824501110008126000110019230000110020365000290021420260326235448.0260326s9999||||xx |||||||||||||| ||und|| aPomada, Elizabeth  4aThe Painted ladies revisited :b San Francisco's resplendent victorians inside and out /cElizabeth Pomada bDutton a160 p. aARQUITECTURA RESIDENCIAL